<?xml version="1.0" encoding="UTF-8"?>
<record
    xmlns:xsi="http://www.w3.org/2001/XMLSchema-instance"
    xsi:schemaLocation="http://www.loc.gov/MARC21/slim http://www.loc.gov/standards/marcxml/schema/MARC21slim.xsd"
    xmlns="http://www.loc.gov/MARC21/slim">

  <leader>00625    a2200169   4500</leader>
  <controlfield tag="003">OSt</controlfield>
  <controlfield tag="005">20240905152445.0</controlfield>
  <controlfield tag="008">240129b        |||||||| |||| 00| 0 eng d</controlfield>
  <datafield tag="040" ind1=" " ind2=" ">
    <subfield code="c">oclc</subfield>
  </datafield>
  <datafield tag="082" ind1=" " ind2=" ">
    <subfield code="a">894.81</subfield>
    <subfield code="b">SVAI/M</subfield>
  </datafield>
  <datafield tag="100" ind1=" " ind2=" ">
    <subfield code="a">Vaidyar, Mahakavi Moyinkutty </subfield>
    <subfield code="9">8253</subfield>
  </datafield>
  <datafield tag="245" ind1=" " ind2=" ">
    <subfield code="a">Mahakavi Moyinkutty Vaidyarude Sampoorna Krithikal  /</subfield>
    <subfield code="c">Mahakavi Moyinkutty Vaidyar, K.K. Muhammed Abdul Kareem and K. Aboobacker</subfield>
  </datafield>
  <datafield tag="250" ind1=" " ind2=" ">
    <subfield code="a">2nd ed.</subfield>
  </datafield>
  <datafield tag="260" ind1=" " ind2=" ">
    <subfield code="a">Malappuram:</subfield>
    <subfield code="b">Mahakavi Moyinkutty Vaidyar Mappila Kala Academy,</subfield>
    <subfield code="c">2015.</subfield>
  </datafield>
  <datafield tag="300" ind1=" " ind2=" ">
    <subfield code="a">3V, 2310p. ;</subfield>
  </datafield>
  <datafield tag="942" ind1=" " ind2=" ">
    <subfield code="2">ddc</subfield>
    <subfield code="c">BK</subfield>
    <subfield code="h">894.81</subfield>
    <subfield code="i">SVAI/M</subfield>
    <subfield code="k">894.81</subfield>
    <subfield code="m">SVAI/M</subfield>
  </datafield>
  <datafield tag="952" ind1=" " ind2=" ">
    <subfield code="0">0</subfield>
    <subfield code="1">0</subfield>
    <subfield code="2">ddc</subfield>
    <subfield code="4">0</subfield>
    <subfield code="7">0</subfield>
    <subfield code="8">LIT</subfield>
    <subfield code="a">MES</subfield>
    <subfield code="b">MES</subfield>
    <subfield code="c">ARB</subfield>
    <subfield code="d">2024-01-29</subfield>
    <subfield code="l">0</subfield>
    <subfield code="o">894.81 SVAI/M</subfield>
    <subfield code="p">45003</subfield>
    <subfield code="r">2024-01-29 10:51:27</subfield>
    <subfield code="t">Vol. 1</subfield>
    <subfield code="v">900.00</subfield>
    <subfield code="w">2024-01-29</subfield>
    <subfield code="y">BK</subfield>
    <subfield code="z">GR5R2</subfield>
  </datafield>
  <datafield tag="952" ind1=" " ind2=" ">
    <subfield code="0">0</subfield>
    <subfield code="1">0</subfield>
    <subfield code="2">ddc</subfield>
    <subfield code="4">0</subfield>
    <subfield code="7">0</subfield>
    <subfield code="8">LIT</subfield>
    <subfield code="a">MES</subfield>
    <subfield code="b">MES</subfield>
    <subfield code="c">ARB</subfield>
    <subfield code="d">2024-01-29</subfield>
    <subfield code="l">0</subfield>
    <subfield code="o">894.81 SVAI/M</subfield>
    <subfield code="p">45004</subfield>
    <subfield code="r">2024-01-29 10:58:04</subfield>
    <subfield code="t">Vol. 2</subfield>
    <subfield code="v">900.00</subfield>
    <subfield code="w">2024-01-29</subfield>
    <subfield code="y">BK</subfield>
    <subfield code="z">GR5R2</subfield>
  </datafield>
  <datafield tag="952" ind1=" " ind2=" ">
    <subfield code="0">0</subfield>
    <subfield code="1">0</subfield>
    <subfield code="2">ddc</subfield>
    <subfield code="4">0</subfield>
    <subfield code="7">0</subfield>
    <subfield code="8">LIT</subfield>
    <subfield code="a">MES</subfield>
    <subfield code="b">MES</subfield>
    <subfield code="c">ARB</subfield>
    <subfield code="d">2024-01-29</subfield>
    <subfield code="l">0</subfield>
    <subfield code="o">894.81 SVAI/M</subfield>
    <subfield code="p">45005</subfield>
    <subfield code="r">2024-01-29 11:03:08</subfield>
    <subfield code="t">Vol. 3</subfield>
    <subfield code="v">900.00</subfield>
    <subfield code="w">2024-01-29</subfield>
    <subfield code="y">BK</subfield>
    <subfield code="z">GR5R2</subfield>
  </datafield>
  <datafield tag="999" ind1=" " ind2=" ">
    <subfield code="c">43341</subfield>
    <subfield code="d">43341</subfield>
  </datafield>
</record>
